Bukuit Ne Tilil ne mi Arorutiet Ne Bo keny ak Arorutiet Ne Leel (Record no. 39496)
[ view plain ]
| 000 -LEADER | |
|---|---|
| fixed length control field | 00667nam a22002051a 4500 |
| 003 - CONTROL NUMBER IDENTIFIER | |
| control field | OSt |
| 005 - DATE AND TIME OF LATEST TRANSACTION | |
| control field | 20240507141732.0 |
| 008 - FIXED-LENGTH DATA ELEMENTS--GENERAL INFORMATION | |
| fixed length control field | 091005s1969 001 0 eng d |
| 020 ## - INTERNATIONAL STANDARD BOOK NUMBER | |
| International Standard Book Number | 9966480803072 |
| 020 ## - INTERNATIONAL STANDARD BOOK NUMBER | |
| International Standard Book Number | 9789966480613 |
| 040 ## - CATALOGING SOURCE | |
| Original cataloging agency | NEGST Library - Kenya |
| Transcribing agency | NEGST Library - Kenya |
| Modifying agency | NEGST Library - Kenya |
| 050 #4 - LIBRARY OF CONGRESS CALL NUMBER | |
| Classification number | BS 325 |
| Item number | .K395 1969 |
| 245 00 - TITLE STATEMENT | |
| Title | Bukuit Ne Tilil ne mi Arorutiet Ne Bo keny ak Arorutiet Ne Leel |
| 260 ## - PUBLICATION, DISTRIBUTION, ETC. (IMPRINT) | |
| Place of publication, distribution, etc | Nairobi : |
| Name of publisher, distributor, etc | Bible Society of Kenya, |
| Date of publication, distribution, etc | c1969. |
| 300 ## - PHYSICAL DESCRIPTION | |
| Extent | 1159 p.; |
| 500 ## - GENERAL NOTE | |
| General note | [Africana] |
| 630 ## - SUBJECT ADDED ENTRY--UNIFORM TITLE | |
| Uniform title | Bible |
| General subdivision | Kalenjin language |
| -- | Texts. |
| 9 (RLIN) | 53871 |
| 942 ## - ADDED ENTRY ELEMENTS (KOHA) | |
| Source of classification or shelving scheme | Library of Congress Classification |
| Koha item type | Africana collection ( Reference) |
| Withdrawn status | Lost status | Source of classification or shelving scheme | Damaged status | Not for loan | Collection code | Home library | Current library | Shelving location | Date acquired | Cost, normal purchase price | Full call number | Barcode | Date last seen | Copy number | Price effective from | Koha item type | Source of acquisition | Total Checkouts |
|---|---|---|---|---|---|---|---|---|---|---|---|---|---|---|---|---|---|---|
| Library of Congress Classification | Reference | AIU/NEGST - Tony Wilmot Memorial Library | AIU/NEGST - Tony Wilmot Memorial Library | Reference | 02/10/2010 | 23.00 | REF BS 325.K395 1969 | R17556L3232 | 09/26/2019 | 1 | 02/10/2010 | Africana collection ( Reference) | ||||||
| Library of Congress Classification | Reference | AIU/NEGST - Tony Wilmot Memorial Library | AIU/NEGST - Tony Wilmot Memorial Library | Reference | 10/30/2023 | 10.49 | REF BS 325.K395 1969 | T16881W3232 | 05/07/2024 | 2 | 05/07/2024 | Africana collection ( Reference) | Donation - Prof. Robert Priest |
